Vista normal Vista MARC

Entrada Topical Term

Número de registros utilizados en: 1

001 - CONTROL NUMBER

  • control field: 39712

003 - CONTROL NUMBER IDENTIFIER

  • control field: OSt

005 - DATE AND TIME OF LATEST TRANSACTION

  • control field: 20210826091741.0

008 - FIXED-LENGTH DATA ELEMENTS

  • fixed length control field: 210826|| aca||aabn | a|a d

040 ## - CATALOGING SOURCE

  • Original cataloging agency: OSt
  • Transcribing agency: OSt

150 ## - HEADING--TOPICAL TERM

  • Topical term or geographic name entry element: La medida del valor y el precio natural

670 ## - SOURCE DATA FOUND

  • Source citation: Work cat.: (OSt)12278: Cuevas, Homero, autor 697, Valor y sistema de precios /, 1986.